Responses for Show #3603 - Wednesday, April 12, 2000

Mike Blumenfeld game 4.

Contestants

[<< previous game]

Rob Storrs, a computer programmer originally from Millersville, Maryland

Jane Mesereau, a registered nurse from Cleveland, Ohio

Mike Blumenfeld, a network administrator from Minneapolis, Minnesota (whose 3-day cash winnings total $28,500)

[next game >>]

Jeopardy! Round responses

CONTINENTS BY DESERT
COCKNEY RHYMING SLANG
JAPANESE HISTORY
THEIR FIRST FEATURE FILMS
SNACKIN' ON
ACADEMIA NUTS
    $100 1
North America

Mike
    $100 7
Jack & Jill

Triple Stumper
    $100 8
Hirohito

Mike
    $100 6
Sonny and Cher

Rob
    $100 16
Licorice

Rob
    $100 22
Atom

Mike
    $200 2
Australia

Jane
    $200 27
Son

Triple Stumper
    $200 10
Russia

Rob
    $200 9
Jennifer Aniston

Rob
    $200 17
M&M's

Rob
    $200 23
Diamond

Rob
    $200 3
(J: What is Africa?)

Asia

Jane
    $300 28
(buzzer sounds)

Newspaper

Triple Stumper
    $300 11
Tokyo

Jane
    $300 13
(R: What is eggrolls?)

Eggroll

MikeRob
    $300 19
Hush puppies

Rob
    $300 24
(R: What is Mercury?)
(with less than a minute to go...)

The sun

JaneRob
    $400 4
South America

Rob
    $400 12
Samurai

Mike
    $400 14
Rene Russo

Mike
    $400 20
Pork rinds

Rob
    $400 25
Louis Pasteur

Jane
    $500 5
Africa

Jane
    $500 18
(J: What is a typhoon?)
(M: What is a monsoon?)
(R: What is bonsai?)

Kamikaze

MikeJaneRob
Triple Stumper
    $500 15
Isabella Rossellini

Jane
    $500 21
Hors d'oeuvres

Mike
    $500 26
Phrenology

Rob

Scores at the first commercial break (after clue 15):

Mike Jane Rob
$1,300 $1,300 $600

Scores at the end of the Jeopardy! Round:

Mike Jane Rob
$1,400 $1,500 $1,500

Double Jeopardy! Round responses

NAME THE ARTIST
TRAVEL & TOURISM
SAME NAME AS A POPE
TALKIN' BASEBALL
SHORT STORIES
WORD PUZZLES
    $200 6
Paul Gauguin

Jane
    $200 1
Tunis

Mike
    $200 26
Linus

Jane
    $200 15
Home run

Rob
    $200 21
"The Legend of Sleepy Hollow"

Triple Stumper
    $200 16
In over/above your head

Rob
    $400 7
Rembrandt

Triple Stumper
    $400 2
(J: What is Mammoth Cave?)

Carlsbad Caverns

MikeJane
    $400 27
Hillary

Mike
    $400 14
Spitball

Rob
    $400 22
"The Devil and Daniel Webster"

Jane
    $400 17
You're under arrest

Mike
    $600 8
Vincent Van Gogh

Mike
    $600 3
Mount Hood

Mike
    $600 28
Felix

Mike
    $600 11
Grapefruit League

Mike
    $700 23
Walter Mitty

Jane
    $600 18
I'm beside myself

Mike
    $800 9
Georgia O'Keeffe

Mike
    $800 4
Martin Luther King Jr.

Mike
    $800 29
Sylvester

Rob
    $800 12
Leo Durocher

Rob
    $800 24
(J: Who is Sholom Aleichem?)

Isaac Bashevis Singer

Jane
Triple Stumper
    $800 19
Overwhelming force

Mike
    $1000 10
David Hockney

Triple Stumper
    $1000 5
Suva

Rob
    $1000 30
Lando

Mike
    $1,300 13
Milwaukee Brewers & St. Louis Cardinals

Rob
    $1000 25
Poker Flat

Jane
    $1000 20
(M: What is a flip?)

Backflip

MikeJane

Scores at the end of the Double Jeopardy! Round:

Mike Jane Rob
$8,200 $3,800 $6,200

[wagering suggestions for these scores]

Final Jeopardy! Round responses

SPACE EXPLORATION
JaneWho are Richard Nixon and ?
$1,000
RobWho are Nixon & Kennedy
$4,000
MikeWho were Nixon and Agnew ?
$4,300
Richard Nixon & Michael Collins (the third Apollo 11 astronaut)

Final scores:

Mike Jane Rob
$3,900 $2,800 $2,200
4-day champion: $32,400 2nd place: Trip to St. James Club, Antigua 3rd place: 1-800-Gift Certificate

Game dynamics:

Coryat scores:

Mike Jane Rob
$8,200 $3,900 $5,900
20 R,
2 W
12 R
(including 1 DD),
4 W
(including 1 DD)
17 R
(including 1 DD),
3 W

Combined Coryat: $18,000

[game clues] [game scores] [suggest correction]

Game tape date: 2000-02-02
The J! Archive is created by fans, for fans. Scraping, republication, monetization, and malicious use prohibited; this site may use cookies and collect identifying information. See terms. The Jeopardy! game show and all elements thereof, including but not limited to copyright and trademark thereto, are the property of Jeopardy Productions, Inc. and are protected under law. This website is not affiliated with, sponsored by, or operated by Jeopardy Productions, Inc. Join the discussion at JBoard.tv.